000 00561nam a22001697a 4500
008 150318b xxu||||| |||| 00| 0 eng d
020 _a9780797419230
050 _aKT379.5.H683 2013
100 _aHobley, Charles William
_916438
245 _aLegwork, paperwork and luck
_bcriminal investigation in Rhodesia
_cC.W. Hobley
250 _aRevised Edition
260 _aHarare
_bWhole Earth Books
_c2013
300 _a232p. ;
_c21cm.
500 _aPublished originally as without the law
650 _aCriminal cases
_zZimbabwe
_916439
942 _2lcc
_cMONOGRAPH
999 _c122469
_d122469